Normal view
MARC view
- Comparative economics
Entry Topical Term
001 - CONTROL NUMBER
- control field: 105456
003 - CONTROL NUMBER IDENTIFIER
- control field: NUST
005 - DATE AND TIME OF LATEST TRANSACTION
- control field: 20221221104457.0
008 - FIXED-LENGTH DATA ELEMENTS
- fixed length control field: 221221|| aca||aabn | a|a d
040 ## - CATALOGING SOURCE
- Original cataloging agency: NUST
- Transcribing agency: NUST
150 ## - HEADING--TOPICAL TERM
- Topical term or geographic name entry element: Comparative economics
670 ## - SOURCE DATA FOUND
- Source citation: Work cat.: (NUST)184914: Aspects of Political Development / , c1996.
